| 000 | 00760nam a2200217Ia 4500 | ||
|---|---|---|---|
| 003 | GCL | ||
| 005 | 20240530102413.0 | ||
| 008 | 140319s9999 xx 000 0 ara d | ||
| 040 |
_aGCL / _cGCL |
||
| 082 | 0 | 4 |
_a415.1 _bا ك |
| 100 | 1 | _aابوالطيب اللغوى الحلبى ، عبدالواحد | |
| 245 | 1 | 0 |
_aكتاب الاتباع / _cابوالطيب اللغوى الحلبى ، عبدالواحد |
| 260 |
_a [دمشق ] : _bمطبوعات مجمع اللغة العربية ، _c1988 |
||
| 300 |
_a128ص ؛ _b24 سم |
||
| 650 | 0 | 4 | _aالنحو |
| 650 | 0 | 4 | _aاللغة العربية |
| 650 | 0 | 4 | _aالاسماء |
| 650 | 0 | 4 | _aالافعال |
| 700 | 1 |
_aعزالدين التنوخى _4 ( محقق ) |
|
| 942 |
_2ddc _cBK |
||
| 999 |
_c32007 _d32007 |
||